00871nam a2200229 i 4500001000700000003000900007005001700016007000300033008004100036080002100077100003200098245014800130260003200278300002900310490002100339500011400360500007600474700002000550700002800570830002100598852002200619114967ES-MaACL20250818063054.0t|070214s1930 sp ||||1| spa d a821.133.1-22"19"1 aVerneuil, Louis,d1893-195213aEl amante de madame Vidal b: comedia en tres actos / cLuis Verneuil ; versión al castellano de Enrique Fernández Sadz ; dibujos de Merlo. aMadrid : bEstampa, c1930. a78 p. : bil. ; c17 cm.1 aLa Farsa ; v170 aEstrenada en el Teatro Avenida, de Madrid, por la Compañía Meliá-Cibrián, el 8 de septiembre de 1930. aCubierta de este número : Pepita Meliá en "El amante de M.me Vidal"1 aMerlo, Antonio.1 aFernando Sadz, Enrique.0 aLa Farsa ; v170 aES-MaACLjC-13208